Eastern Utah Libraries Catalog: Duchesne, Heber, Roosevelt, & Vernal

Wildoak / (Record no. 380174)

MARC details
000 -LEADER
fixed length control field 02313cam a2200553 i 4500
001 - CONTROL NUMBER
control field on1344549845
003 - CONTROL NUMBER IDENTIFIER
control field OCoLC
005 - DATE AND TIME OF LATEST TRANSACTION
control field 20230303173024.0
008 - FIXED-LENGTH DATA ELEMENTS--GENERAL INFORMATION
fixed length control field 220917t20222022nyua c 000 1 eng
010 ## - LIBRARY OF CONGRESS CONTROL NUMBER
LC control number 2021044127
020 ## - INTERNATIONAL STANDARD BOOK NUMBER
International Standard Book Number 9781338803860
Qualifying information (hardcover) :
Terms of availability $18.99
020 ## - INTERNATIONAL STANDARD BOOK NUMBER
International Standard Book Number 1338803867
Qualifying information (hardcover)
035 ## - SYSTEM CONTROL NUMBER
System control number (OCoLC)1344549845
040 ## - CATALOGING SOURCE
Original cataloging agency DLC
Language of cataloging eng
Description conventions rda
Transcribing agency OQX
Modifying agency OQX
-- CHY
-- NYP
-- BKL
-- RNL
-- OCLCF
-- UOK
049 ## - LOCAL HOLDINGS (OCLC)
Holding library UOKA
050 14 - LIBRARY OF CONGRESS CALL NUMBER
Classification number PZ7.1.H3739
Item number Wi 2022
082 00 - DEWEY DECIMAL CLASSIFICATION NUMBER
Classification number [Fic]
Edition number 23
092 ## - LOCALLY ASSIGNED DEWEY CALL NUMBER (OCLC)
Classification number junior fiction
Item number Harrington
100 1# - MAIN ENTRY--PERSONAL NAME
Personal name Harrington, C. C.
Relator term author.
9 (RLIN) 6460833
245 10 - TITLE STATEMENT
Title Wildoak /
Statement of responsibility, etc by C.C. Harrington ; drawings by Diana Sudyka.
246 3# - VARYING FORM OF TITLE
Title proper/short title Wild oak
250 ## - EDITION STATEMENT
Edition statement First edition.
264 #1 - Production, Publication, Distribution, Manufacture, and Copyright Notice.
Place of production, publication, distribution, manufacture New York :
Name of producer, publisher, distributor, manufacturer Scholastic Press,
Date of production, publication, distribution, manufacture, or copyr 2022.
264 #4 - Production, Publication, Distribution, Manufacture, and Copyright Notice.
Date of production, publication, distribution, manufacture, or copyr �2022
300 ## - PHYSICAL DESCRIPTION
Extent 324 pages :
Other physical details illustrations ;
Dimensions 22 cm.
336 ## - Content Type
Content type term text
337 ## - Media type
Media type term unmediated
338 ## - Carrier type
Carrier type term volume
520 ## - SUMMARY, ETC.
Summary, etc Twelve-year-old Maggie's stutter causes her much heartache and only her menagerie of pets, whom she can speak with fluidly, provide her comfort, but when she finds Rumpus, an abandoned snow leopard, in a forest in Cornwall, their chance encounter will change their lives forever.
521 ## - TARGET AUDIENCE NOTE
Target audience note Ages 8-12.
Source Scholastic Press.
521 ## - TARGET AUDIENCE NOTE
Target audience note Grades 4-6.
Source Scholastic Press.
586 ## - AWARDS NOTE
Awards note Schneider Family Book Award for Middle Grades Winner, 2023.
650 #0 - SUBJECT ADDED ENTRY--TOPICAL TERM
Topical term or geographic name as entry element Stuttering
Form subdivision Juvenile fiction.
9 (RLIN) 5679285
650 #0 - SUBJECT ADDED ENTRY--TOPICAL TERM
Topical term or geographic name as entry element Human-animal relationships
Form subdivision Juvenile fiction
9 (RLIN) 5681283
650 #0 - SUBJECT ADDED ENTRY--TOPICAL TERM
Topical term or geographic name as entry element Snow leopard
Form subdivision Juvenile fiction.
9 (RLIN) 5777470
650 #0 - SUBJECT ADDED ENTRY--TOPICAL TERM
Topical term or geographic name as entry element Leopard
Form subdivision Juvenile fiction.
9 (RLIN) 5687139
650 #0 - SUBJECT ADDED ENTRY--TOPICAL TERM
Topical term or geographic name as entry element Self-confidence
Form subdivision Juvenile fiction
9 (RLIN) 5694654
650 #1 - SUBJECT ADDED ENTRY--TOPICAL TERM
Topical term or geographic name as entry element Stuttering
Form subdivision Fiction.
9 (RLIN) 5679283
650 #1 - SUBJECT ADDED ENTRY--TOPICAL TERM
Topical term or geographic name as entry element Human-animal relationships
Form subdivision Fiction.
9 (RLIN) 5676174
650 #1 - SUBJECT ADDED ENTRY--TOPICAL TERM
Topical term or geographic name as entry element Snow leopard
Form subdivision Fiction.
9 (RLIN) 6400748
650 #1 - SUBJECT ADDED ENTRY--TOPICAL TERM
Topical term or geographic name as entry element Leopard
Form subdivision Fiction.
9 (RLIN) 6400749
650 #1 - SUBJECT ADDED ENTRY--TOPICAL TERM
Topical term or geographic name as entry element Self-confidence
Form subdivision Fiction.
9 (RLIN) 5682344
655 #7 - INDEX TERM--GENRE/FORM
Genre/form data or focus term Bildungsromans
Source of term lcgft
9 (RLIN) 102642
655 #7 - INDEX TERM--GENRE/FORM
Genre/form data or focus term Animal fiction
Source of term lcgft
9 (RLIN) 5748285
655 #7 - INDEX TERM--GENRE/FORM
Genre/form data or focus term Fiction
Source of term lcgft
9 (RLIN) 5673940
700 1# - ADDED ENTRY--PERSONAL NAME
Personal name Sudyka, Diana
Relator term illustrator.
9 (RLIN) 56715
776 08 - ADDITIONAL PHYSICAL FORM ENTRY
Display text Online version:
Main entry heading Harrington, C. C.
Title Wildoak
Place, publisher, and date of publication New York : Scholastic Press, 2022
International Standard Book Number 9781338803884
Record control number (DLC) 2021044128
942 ## - ADDED ENTRY ELEMENTS (KOHA)
Source of classification or shelving scheme Dewey Decimal Classification
Koha item type BOOK
Holdings
Withdrawn status Lost status Source of classification or shelving scheme Damaged status Not for loan Collection code Home library Current library Shelving location Date acquired Source of acquisition Total Checkouts Total Renewals Full call number Barcode Date last seen Date checked out Cost, replacement price Price effective from Koha item type
    Dewey Decimal Classification     Junior Fiction Wasatch County Library Wasatch County Library Main Floor Junior Area 03/03/2023 Amazon 3 4 J Harrington 34301001859240 02/23/2024 08/26/2023 18.99 03/03/2023 BOOK
This project was made possible through a grant from the Institute of Museum and Library Service administered by the Utah State Library Division.

Wasatch County Library

  • 465 East 1200 South, Heber City, Utah 84032
  • Phone 435-654-1511 | Fax 435-654-6456

Hours

  • Monday - Friday 9:30 AM - 8:00 PM
  • Saturday 9:30 AM - 1:30 PM
  • Closed Sundays and Holidays